عرض عادي
عرض مارك
- الدوري، غازي حميد موسى،
دخول Personal Name
001 - CONTROL NUMBER
- control field: 25785
003 - CONTROL NUMBER IDENTIFIER
- control field: AE-AdECS
005 - DATE AND TIME OF LATEST TRANSACTION
- control field: 20260127093239.0
008 - FIXED-LENGTH DATA ELEMENTS
- fixed length control field: 260127|| aca||aabn | a|a d
040 ## - CATALOGING SOURCE
- Original cataloging agency: AE-AdECS
- Transcribing agency: AE-AdECS
100 ## - HEADING--PERSONAL NAME
- Personal name: الدوري، غازي حميد موسى،
670 ## - SOURCE DATA FOUND
- Source citation: Work cat.: (AE-AdECS)294016: الدوري، غازي حميد موسى، مؤلف., الإسلام و القيم الحضارية المعاصرة :
